angielski - Statystyki

Ogólne statystyki
  • Ten quiz został rozwiązany 75 razy
  • Średni wynik to 10 z 31
Statystyki odpowiedzi
Odpowiedź % Poprawnych
uncle
84%
wife
84%
aunt
76%
cousin
76%
husband
68%
mothers day
54%
guest
50%
sibling
44%
wedding
44%
adult
35%
borrow
35%
classmate
32%
bride
31%
bad mood
28%
roommate
25%
nephew
24%
look after
22%
board game
21%
groom
21%
a name day
19%
new years eve
18%
share a room
16%
niece
12%
relative
12%
all saints day
10%
hang out
10%
chess game
3%
complain about something
3%
voluntary work
3%
apologised to somebody
0%
do the vacuuming
0%
Nie znaleziono quizów pasujących do podanych kryteriów
Rozkład punktacji
Procent ludzi z każdym wynikiem
Percentyl według liczby udzielonych odpowiedzi
Twoja historia wyników
Nie rozwiązałeś tego quizu